000 01041nam0a22002651 4500
001 v19\rc\1880544
005 20260407045517.0
035 _a(NLR Aleph) 004970024
090 _a6074808
_c6074808
100 _a20080221d1910 u y0rusy50 ca
101 0 _arus
102 _aRU
105 _ay z |||||
200 1 _aУстав Кассы взаимопомощи служащих Одесского почтово-телеграфного округа на случай болезни и смерти
_e[Утв. 20 окт. 1909 г.]
210 _aОдесса
_d[1910]
215 _a15 с.
309 _aБез тит. л. и обл.
710 0 2 _aОдесский почтово-телеграфный окр.
_bКасса взаимопомощи служащих на случай болезни и смерти
_3RU\NLR\AUTH\8810018398
_9534624
801 0 _aRU
_bNLR
_gpsbo
801 0 _aRU
_bRuMoRGB
_2psbo
801 1 _aRU
_bProSoft-M
_2rusmarc
852 _aNLR
_j34.85.2.523
899 _aRuMoRGB
_jV 119/881
942 _cBOOK
980 _aNB